000 00980cam a22002054a 4500
005 20250605164050.0
008 250528s ||||||||||||||||||||||||d
035 _a17243
020 _a471129259
040 _aGR-AtMCL
_bgre
_dGR-AtMCL
_eAACR2
245 1 _aPlanning and Budgeting in Poor Countries
260 _bJohn Wiley & Sons,
_c1974
300 _a374
520 _aIntroduction: A Fearful Symmetry, Questions and Answers: The Literature of Solutions, Poverty and Uncertainty, The Disappearing Budget, Budgeting from the Top: The Finance Ministry and the Executive and the Legislature, Budgeting from Below: The Departments, The Challenge of Planning, The Planners' Response, Finance Versus Planning, Planning is not the Solution: It's Part of the Problem, Converting Obstacles into Opportunities, Bibliography, Index, About the Authors.
700 1 _aCaiden Naomi
_93403
700 1 _aWildavsky Aaron
_93404
942 _cBK
999 _c2671
_d2671